[Event "zonal 3.5 (w)"]
[Site "Beijing CHN"]
[Date "2009.04.17"]
[Round "1"]
[White "Ding Yixin"]
[Black "Wang Jue"]
[Result "1-0"]
[WhiteElo "2281"]
[BlackElo "2162"]
[EventDate "2009.04.17"]
[PlyCount "61"]

1.e4 c5 2.Nf3 d6 3.d4 cxd4 4.Nxd4 Nf6 5.Nc3 e6 6.Be2 Be7 7.O-O O-O 8.f4 
Nc6 9.Kh1 a6 10.Nxc6 bxc6 11.e5 Ne8 12.Bd3 g6 13.Rf3 c5 14.Rh3 f5 15.exd6 
Nxd6 16.Be3 Qc7 17.Qg1 c4 18.Be2 Bb7 19.Bb6 Qc8 20.Rd1 Rb8 21.Ba7 Ra8 22.
Bc5 Rd8 23.Qe3 g5 24.Rh6 Bf8 25.fxg5 Nf7 26.Rxd8 Qxd8 27.Bxf8 Qxf8 28.Rxe6
Qb4 29.Rb6 Bxg2+ 30.Kxg2 Qa5 31.Bxc4 1-0

[Event "zonal 3.5 (w)"]
[Site "Beijing CHN"]
[Date "2009.04.17"]
[Round "1"]
[White "Huang Qian"]
[Black "Gu Xiaobing"]
[Result "1-0"]
[WhiteElo "2410"]
[BlackElo "2336"]
[EventDate "2009.04.17"]
[PlyCount "83"]

1.d4 Nf6 2.Bg5 g6 3.Bxf6 exf6 4.e3 c5 5.dxc5 Qa5+ 6.Nc3 Bg7 7.Qd2 Na6 8.
Bxa6 bxa6 9.Ne4 Qxd2+ 10.Kxd2 Rb8 11.Nd6+ Ke7 12.Rb1 a5 13.Ne2 f5 14.c3 
Bb7 15.Nxb7 Rxb7 16.Nd4 Rhb8 17.b3 Rc7 18.b4 axb4 19.cxb4 d6 20.Rhc1 dxc5 
21.bxc5 Rxb1 22.Rxb1 Rxc5 23.Rb7+ Kf8 24.Rxa7 f4 25.Kd3 fxe3 26.fxe3 Bxd4 
27.exd4 Rh5 28.Rb7 Rxh2 29.Rb2 Rh1 30.Kc4 h5 31.a4 Ra1 32.Kb5 Ke7 33.a5 h4
34.a6 Kd6 35.Kb6 g5 36.a7 g4 37.Kb7 Kd5 38.a8=Q Rxa8 39.Kxa8 g3 40.Rb7 f6 
41.Rf7 h3 42.gxh3 1-0

[Event "zonal 3.5 (w)"]
[Site "Beijing CHN"]
[Date "2009.04.17"]
[Round "1"]
[White "Ju Wenjun"]
[Black "Wang Xiaohui"]
[Result "1-0"]
[WhiteElo "2454"]
[BlackElo "2265"]
[EventDate "2009.04.17"]
[PlyCount "83"]

1.d4 Nf6 2.c4 e6 3.g3 d5 4.Nf3 Be7 5.Bg2 O-O 6.O-O dxc4 7.Ne5 Nd5 8.Nxc4 
Nc6 9.e4 Nf6 10.Be3 Rb8 11.Nc3 b6 12.a3 Bb7 13.Re1 Re8 14.d5 exd5 15.exd5 
Ba6 16.Qa4 Bxc4 17.dxc6 Be6 18.Rad1 Qc8 19.Nb5 Bg4 20.f3 Bh3 21.Qxa7 Bc5 
22.Bxc5 Bxg2 23.Kxg2 bxc5 24.Qxc5 Rxe1 25.Rxe1 Qa6 26.Re5 h6 27.b3 Rd8 28.
g4 Qa5 29.Qc3 Qb6 30.a4 Rd1 31.Qc5 Qa5 32.Nc3 Rd2+ 33.Kg3 Qa6 34.Ne4 Nxe4+
35.Rxe4 Rd8 36.a5 Qf1 37.b4 g6 38.Qf2 Qd1 39.b5 Rd2 40.Qe1 Qc2 41.Re8+ Kh7
42.Qe5 1-0

[Event "zonal 3.5 (w)"]
[Site "Beijing CHN"]
[Date "2009.04.17"]
[Round "1"]
[White "Shen Yang"]
[Black "Tan Zhongyi"]
[Result "1/2-1/2"]
[WhiteElo "2420"]
[BlackElo "2436"]
[EventDate "2009.04.17"]
[PlyCount "106"]

1.d4 Nf6 2.c4 g6 3.Nc3 d5 4.cxd5 Nxd5 5.e4 Nxc3 6.bxc3 Bg7 7.Bc4 c5 8.Ne2 
O-O 9.O-O Nc6 10.Be3 Bg4 11.f3 Na5 12.Bd3 cxd4 13.cxd4 Be6 14.d5 Bxa1 15.
Qxa1 f6 16.Qd4 Bf7 17.Bh6 Re8 18.Bb5 e5 19.Qf2 Re7 20.Kh1 Qb6 21.Qxb6 axb6
22.Rc1 Be8 23.Bd3 b5 24.Bd2 Nc4 25.Bb4 Rc7 26.Rc2 Ra4 27.a3 Rc8 28.Kg1 Bd7
29.Bxc4 bxc4 30.Kf2 b5 31.Nc3 Ra6 32.Ke3 Rca8 33.Ra2 f5 34.exf5 gxf5 35.f4
exf4+ 36.Kxf4 Rg6 37.g3 Re8 38.Kf3 f4 39.gxf4 Bg4+ 40.Kf2 Rh6 41.Kg3 Bf5 
42.Rg2 Kf7 43.Nxb5 Be4 44.Rd2 Rg6+ 45.Kh4 c3 46.Rd4 c2 47.Rc4 Bd3 48.Rc7+ 
Kg8 49.a4 Re4 50.Rc8+ Kg7 51.Rc7+ Kg8 52.Rc8+ Kg7 53.Rc7+ Kg8 1/2-1/2

[Event "zonal 3.5 (w)"]
[Site "Beijing CHN"]
[Date "2009.04.17"]
[Round "1"]
[White "Wang Yu"]
[Black "Zhang Jilin"]
[Result "1/2-1/2"]
[WhiteElo "2109"]
[BlackElo "2335"]
[EventDate "2009.04.17"]
[PlyCount "116"]

1.e4 c5 2.Nf3 e6 3.d4 cxd4 4.Nxd4 Nf6 5.Nc3 d6 6.Bd3 Be7 7.O-O a6 8.a4 Qc7
9.Qe2 Nc6 10.Nxc6 bxc6 11.f4 Nd7 12.Kh1 O-O 13.Bd2 e5 14.a5 Nc5 15.Na4 
Nxd3 16.cxd3 exf4 17.Nb6 Ra7 18.Bxf4 c5 19.d4 Bd7 20.Rfd1 Bb5 21.Qg4 f5 
22.exf5 cxd4 23.Rac1 Qb7 24.Rxd4 Bf6 25.Rd2 Qe4 26.Qf3 Qxf5 27.Bxd6 Qxf3 
28.gxf3 Rd8 29.Kg2 Rf7 30.Bf4 Rxd2+ 31.Bxd2 Bxb2 32.Rc8+ Rf8 33.Bb4 Rxc8 
34.Nxc8 g5 35.Nd6 Bd3 36.Ne4 Bxe4 37.fxe4 Kf7 38.Kf3 Ke6 39.Bd2 h6 40.h3 
Ke5 41.Bb4 h5 42.Bd2 Kf6 43.Bb4 Bc1 44.Bc3+ Ke6 45.Bb4 Bb2 46.Bd2 Bf6 47.
Bb4 Bd8 48.Bd2 Kd6 49.Bb4+ Kc6 50.Bd2 Kc5 51.Bc3 Kc4 52.Bd2 Kd3 53.Bb4 Bc7
54.Be7 g4+ 55.hxg4 hxg4+ 56.Kxg4 Kxe4 57.Bb4 Kd4 58.Kf3 Kc4 1/2-1/2

[Event "zonal 3.5 (w)"]
[Site "Beijing CHN"]
[Date "2009.04.17"]
[Round "1"]
[White "Zhang Xiaowen"]
[Black "Ruan Lufei"]
[Result "0-1"]
[WhiteElo "2340"]
[BlackElo "2486"]
[EventDate "2009.04.17"]
[PlyCount "112"]

1.e4 e5 2.Nf3 Nc6 3.Bb5 Nd4 4.Nxd4 exd4 5.O-O Bc5 6.c3 Ne7 7.Qh5 Bb6 8.d3 
c6 9.Bc4 d5 10.exd5 cxd5 11.Bb3 O-O 12.Bg5 f6 13.Bf4 Be6 14.cxd4 Bf7 15.
Qg4 h5 16.Qf3 Nc6 17.Be3 Bxd4 18.Nc3 Ne5 19.Qf4 Bxc3 20.bxc3 Rc8 21.Qd4 
Nc6 22.Qh4 Ne5 23.Rfd1 Rxc3 24.Qd4 Rc7 25.Qxa7 Nc6 26.Qc5 d4 27.Bf4 Ne5 
28.Qb5 Qd7 29.Qxd7 Rxd7 30.Bxf7+ Nxf7 31.Rdb1 Rc8 32.Rb3 Rc2 33.a4 g5 34.
Bb8 Nd8 35.Ba7 Rc3 36.Rab1 Nc6 37.Bb6 Ne5 38.Rxc3 dxc3 39.Rc1 Rxd3 40.Kf1 
Nc4 41.Bc5 Nb2 42.a5 Rd5 43.Bb4 Nd3 44.Rxc3 Nxb4 45.Rc8+ Kg7 46.Rc7+ Kg6 
47.Rxb7 Na6 48.Ra7 Rxa5 49.g3 Ra4 50.Kg2 Nc5 51.Rc7 Nd3 52.Rc3 Ne5 53.h3 
Ra2 54.Rb3 Rd2 55.Rb1 Nd3 56.Rf1 Re2 0-1

[Event "zonal 3.5 (w)"]
[Site "Beijing CHN"]
[Date "2009.04.18"]
[Round "2"]
[White "Gu Xiaobing"]
[Black "Tan Zhongyi"]
[Result "1/2-1/2"]
[WhiteElo "2336"]
[BlackElo "2436"]
[EventDate "2009.04.17"]
[PlyCount "104"]

1.e4 c6 2.d4 d5 3.exd5 cxd5 4.c4 Nf6 5.Nc3 Nc6 6.Bg5 e6 7.c5 Be7 8.Nf3 Ne4
9.Bxe7 Qxe7 10.Bb5 Nxc3 11.bxc3 O-O 12.O-O Bd7 13.Rb1 Rfc8 14.Bd3 Rab8 15.
Re1 b6 16.cxb6 axb6 17.Re3 Be8 18.h4 h6 19.h5 Qd6 20.Bc2 f5 21.Nh4 Bf7 22.
Qe2 Qd8 23.Ng6 Qd6 24.Re1 Re8 25.Ba4 Ra8 26.Bb5 Rec8 27.Bxc6 Rxc6 28.Ne5 
f4 29.Rh3 Rc7 30.Nxf7 Kxf7 31.Qg4 Re7 32.Rf3 Kg8 33.Rxf4 e5 34.dxe5 Rxe5 
35.Rxe5 Qxe5 36.Qf5 Qxf5 37.Rxf5 Rxa2 38.Rxd5 Rc2 39.Rd3 Kf7 40.Kf1 Rb2 
41.Ke1 Kf6 42.Rf3+ Kg5 43.Rg3+ Kxh5 44.Rxg7 Rc2 45.Rg3 b5 46.Kf1 Kh4 47.
Kg1 h5 48.Rg8 b4 49.Kh2 Rxf2 50.Kg1 Rb2 51.cxb4 Rxb4 52.Kh2 Rb2 1/2-1/2

[Event "zonal 3.5 (w)"]
[Site "Beijing CHN"]
[Date "2009.04.18"]
[Round "2"]
[White "Huang Qian"]
[Black "Ding Yixin"]
[Result "1/2-1/2"]
[WhiteElo "2410"]
[BlackElo "2281"]
[EventDate "2009.04.17"]
[PlyCount "80"]

1.d4 d5 2.c4 dxc4 3.e4 e5 4.Nf3 exd4 5.Bxc4 Bb4+ 6.Nbd2 Nc6 7.O-O Nf6 8.a3
Be7 9.b4 O-O 10.Re1 a6 11.Bb2 Bg4 12.Qb3 Qd7 13.h3 Be6 14.Bxe6 Qxe6 15.
Qxe6 fxe6 16.Nxd4 Nxd4 17.Bxd4 a5 18.Bc3 axb4 19.axb4 Rxa1 20.Rxa1 Rd8 21.
Kf1 Nh5 22.Nc4 Nf4 23.Na5 Rd3 24.Be1 Rd4 25.g3 Nxh3 26.Nxb7 Ng5 27.Na5 
Rxe4 28.Nc6 Bd6 29.b5 Nf3 30.Ra8+ Kf7 31.Ba5 Nd4 32.Nxd4 Rxd4 33.Bxc7 Bxc7
34.Ra7 Rc4 35.b6 Ke7 36.bxc7 Kf6 37.Ke2 h5 38.f4 g6 39.Kd3 Rc1 40.Kd4 Rc2 
1/2-1/2

[Event "zonal 3.5 (w)"]
[Site "Beijing CHN"]
[Date "2009.04.18"]
[Round "2"]
[White "Ruan Lufei"]
[Black "Shen Yang"]
[Result "1/2-1/2"]
[WhiteElo "2486"]
[BlackElo "2420"]
[EventDate "2009.04.17"]
[PlyCount "98"]

1.e4 e5 2.Nf3 Nc6 3.Bc4 Bc5 4.c3 Nf6 5.d3 a6 6.Bb3 Ba7 7.h3 d6 8.Nbd2 O-O 
9.Nf1 Be6 10.Ng3 h6 11.O-O d5 12.Qe2 dxe4 13.dxe4 Bxb3 14.axb3 Qd6 15.Nf5 
Qe6 16.Bxh6 gxh6 17.Nxh6+ Kh8 18.Ng5 Qe8 19.Qf3 Nh7 20.Qh5 f6 21.Nhf7+ 
Rxf7 22.Nxf7+ Kg7 23.Qh6+ Kxf7 24.Qxh7+ Ke6 25.Qxc7 Qc8 26.Qg7 Ne7 27.Qg4+
Kf7 28.Qh5+ Ke6 29.Qg4+ Kf7 30.Qxc8 Rxc8 31.Rad1 Ke6 32.Rd2 a5 33.Rfd1 Bc5
34.Rd7 b6 35.Rd8 Rc7 36.g3 f5 37.exf5+ Nxf5 38.Re8+ Kf6 39.Kg2 Rg7 40.Kf3 
Nd6 41.Rh8 Rf7 42.Rxd6+ Bxd6 43.Ke4 Kg7 44.Rd8 Bc5 45.f3 Bf2 46.Rd2 Bc5 
47.Rd5 Bf2 48.Rd2 Bc5 49.Rd5 Bf2 1/2-1/2

[Event "zonal 3.5 (w)"]
[Site "Beijing CHN"]
[Date "2009.04.18"]
[Round "2"]
[White "Wang Jue"]
[Black "Wang Yu"]
[Result "0-1"]
[WhiteElo "2162"]
[BlackElo "2109"]
[EventDate "2009.04.17"]
[PlyCount "56"]

1.e4 e5 2.Nf3 Nc6 3.Bb5 a6 4.Ba4 d6 5.c3 Bd7 6.d4 g6 7.O-O Bg7 8.Bxc6 Bxc6
9.d5 Bd7 10.Nfd2 Nf6 11.f4 exf4 12.Rxf4 O-O 13.Nf3 Qe7 14.Nbd2 Nxd5 15.Rh4
Nf6 16.Qc2 Rfe8 17.b3 d5 18.e5 Ng4 19.Bb2 Bf5 20.Qd1 Nxe5 21.Nxe5 Qxh4 22.
Ndf3 Qe4 23.Nxf7 Qe3+ 24.Kh1 Qd3 25.Qc1 Kxf7 26.c4 Qe3 27.Qd1 Bxb2 28.
Qxd5+ Kg7 0-1

[Event "zonal 3.5 (w)"]
[Site "Beijing CHN"]
[Date "2009.04.18"]
[Round "2"]
[White "Wang Xiaohui"]
[Black "Zhang Xiaowen"]
[Result "1-0"]
[WhiteElo "2265"]
[BlackElo "2340"]
[EventDate "2009.04.17"]
[PlyCount "117"]

1.d4 Nf6 2.c4 g6 3.Nc3 Bg7 4.g3 O-O 5.Bg2 d6 6.Nf3 c5 7.O-O Nc6 8.dxc5 
dxc5 9.Bf4 Bd7 10.Ne5 Nxe5 11.Bxe5 Qc8 12.Qb3 Bc6 13.Nd5 Nxd5 14.Bxg7 Nf4 
15.Bxf8 Nxe2+ 16.Kh1 Nd4 17.Qd3 Bxg2+ 18.Kxg2 Qc6+ 19.f3 Rxf8 20.Rae1 Re8 
21.Rf2 e5 22.Qe4 f5 23.Qxc6 bxc6 24.Re3 Re7 25.Ra3 Kg7 26.Kf1 h5 27.Ke1 g5
28.Ra5 g4 29.fxg4 hxg4 30.Rxc5 e4 31.Rcxf5 e3 32.R2f4 Nc2+ 33.Ke2 Rd7 34.
Rxg4+ Kh6 35.Rh4+ Kg6 36.Re5 Rd2+ 37.Kf1 Rd1+ 38.Kg2 Rd2+ 39.Kh3 e2 40.
Rhe4 e1=Q 41.Rxe1 Nxe1 42.Rxe1 Rxb2 43.Re6+ Kg5 44.Rxc6 Rxa2 45.Rc8 a5 46.
c5 Rc2 47.c6 Kg6 48.Ra8 Rxc6 49.Rxa5 Rc2 50.Ra3 Kg5 51.g4 Kf4 52.Ra4+ Kf3 
53.Ra5 Kf2 54.Kh4 Kg2 55.g5 Rc4+ 56.Kh5 Kh3 57.g6 Rh4+ 58.Kg5 Rg4+ 59.Kh6 
1-0

[Event "zonal 3.5 (w)"]
[Site "Beijing CHN"]
[Date "2009.04.18"]
[Round "2"]
[White "Zhang Jilin"]
[Black "Ju Wenjun"]
[Result "0-1"]
[WhiteElo "2335"]
[BlackElo "2454"]
[EventDate "2009.04.17"]
[PlyCount "104"]

1.e4 c5 2.Nf3 d6 3.d4 cxd4 4.Nxd4 Nf6 5.Nc3 a6 6.g3 e5 7.Nb3 Be7 8.Bg2 O-O
9.O-O b5 10.a3 Bb7 11.Bg5 Nbd7 12.Re1 h6 13.Bxf6 Nxf6 14.Nd2 Qd7 15.Nf1 
Bd8 16.Ne3 Ba5 17.Qd3 Rac8 18.Red1 Bxc3 19.bxc3 Qc7 20.Qxd6 Nxe4 21.Qxc7 
Rxc7 22.Nd5 Bxd5 23.Rxd5 Nxc3 24.Rxe5 Rd8 25.Rae1 Kf8 26.R5e3 g6 27.h4 Rd2
28.Rd3 Rxc2 29.Rd6 a5 30.h5 gxh5 31.Rxh6 Ra2 32.Bf1 Rxa3 33.Bd3 Rd7 34.Bf1
b4 35.Rh8+ Kg7 36.Ree8 b3 37.Rb8 a4 38.Bc4 Ne4 39.Rxh5 Rd4 40.Bd5 Nf6 41.
Rg5+ Kh6 42.f4 Rxd5 43.Rh8+ Nh7 44.Rxd5 b2 45.Rb8 Ra1+ 46.Kg2 b1=Q 47.Rxb1
Rxb1 48.Ra5 Ra1 49.g4 a3 50.Ra6+ Kg7 51.g5 a2 52.Kh2 f6 0-1

[Event "zonal 3.5 (w)"]
[Site "Beijing CHN"]
[Date "2009.04.19"]
[Round "3"]
[White "Ding Yixin"]
[Black "Gu Xiaobing"]
[Result "1-0"]
[WhiteElo "2281"]
[BlackElo "2336"]
[EventDate "2009.04.17"]
[PlyCount "139"]

1.e4 c5 2.Nf3 d6 3.d4 cxd4 4.Nxd4 Nf6 5.Nc3 Nc6 6.g3 g6 7.Bg2 Nxd4 8.Qxd4 
Bg7 9.Bg5 h6 10.Be3 O-O 11.Qd2 Kh7 12.O-O Qa5 13.Rad1 Bg4 14.f3 Be6 15.Bd4
Qa6 16.Rfe1 Rac8 17.Kh1 Rfe8 18.a3 Nd7 19.Bf1 Qa5 20.Bxg7 Kxg7 21.f4 Kh7 
22.Nd5 Qa4 23.c4 Nc5 24.b4 Nd7 25.Re3 Nf6 26.Rde1 Qc6 27.Qd4 Ng4 28.Rf3 h5
29.h3 Nh6 30.Qxa7 f5 31.exf5 Bxd5 32.fxg6+ Kg7 33.cxd5 Qxd5 34.Bg2 Nf5 35.
Qf2 Qc4 36.g4 hxg4 37.hxg4 Nh6 38.Bh3 Qd5 39.Rf1 Rc4 40.Kg1 Rec8 41.Qh4 
Qd4+ 42.Kh1 Qe4 43.g5 Rh8 44.gxh6+ Rxh6 45.Qg3 Rc8 46.Kh2 Rxg6 47.Qe1 Rc2+
48.Kh1 Re2 49.Qc3+ e5 50.Qd3 Qxd3 51.Rxd3 e4 52.Rc3 d5 53.Rg1 Rxg1+ 54.
Kxg1 d4 55.Rc7+ Kf6 56.Rxb7 d3 57.Rd7 Ra2 58.Rd6+ Kg7 59.Bf5 d2 60.Bg4 e3 
61.Rd3 Ra1+ 62.Kg2 Re1 63.b5 e2 64.Bxe2 Rxe2+ 65.Kf3 Rh2 66.Ke3 Kf6 67.a4 
Kf5 68.Rd5+ Ke6 69.Rxd2 Rh3+ 70.Ke4 1-0

[Event "zonal 3.5 (w)"]
[Site "Beijing CHN"]
[Date "2009.04.19"]
[Round "3"]
[White "Ju Wenjun"]
[Black "Wang Jue"]
[Result "1-0"]
[WhiteElo "2454"]
[BlackElo "2162"]
[EventDate "2009.04.17"]
[PlyCount "61"]

1.d4 Nf6 2.c4 g6 3.Nc3 Bg7 4.e4 d6 5.Bg5 O-O 6.Qd2 Na6 7.f4 Qe8 8.Nf3 Nd7 
9.Be2 e5 10.fxe5 dxe5 11.d5 f5 12.exf5 e4 13.Nd4 Ne5 14.Ne6 Bxe6 15.fxe6 
Nc5 16.Be3 Ncd3+ 17.Bxd3 exd3 18.O-O-O c6 19.Bd4 b5 20.Rhe1 Qb8 21.Bxe5 
Bxe5 22.Qxd3 Rf2 23.cxb5 Qd6 24.dxc6 Qb4 25.Re2 Rxe2 26.Qxe2 Bxc3 27.bxc3 
Qxc3+ 28.Kb1 Rb8 29.e7 Kf7 30.Rf1+ Kg7 31.Qb2 1-0

[Event "zonal 3.5 (w)"]
[Site "Beijing CHN"]
[Date "2009.04.19"]
[Round "3"]
[White "Shen Yang"]
[Black "Wang Xiaohui"]
[Result "1-0"]
[WhiteElo "2420"]
[BlackElo "2265"]
[EventDate "2009.04.17"]
[PlyCount "69"]

1.d4 Nf6 2.c4 e6 3.Nc3 Bb4 4.Qc2 O-O 5.a3 Bxc3+ 6.Qxc3 b6 7.Bg5 Bb7 8.e3 
d6 9.Ne2 Nbd7 10.Qc2 h6 11.Bh4 c5 12.Rd1 Qe7 13.Nc3 Rfd8 14.d5 exd5 15.
cxd5 Ne5 16.Be2 a6 17.a4 Rac8 18.O-O g5 19.Bg3 Ng6 20.Bd3 Kg7 21.f4 c4 22.
Bf5 Rc5 23.fxg5 hxg5 24.Bxg6 fxg6 25.e4 Ng4 26.Qe2 Ne5 27.Bf2 Bc8 28.Bd4 
Bd7 29.Qe3 Rh8 30.Rd2 Rcc8 31.Rdf2 Kg8 32.Rf6 Rh5 33.Qg3 Bf5 34.Bxe5 dxe5 
35.Rxb6 1-0

[Event "zonal 3.5 (w)"]
[Site "Beijing CHN"]
[Date "2009.04.19"]
[Round "3"]
[White "Tan Zhongyi"]
[Black "Ruan Lufei"]
[Result "1/2-1/2"]
[WhiteElo "2436"]
[BlackElo "2486"]
[EventDate "2009.04.17"]
[PlyCount "132"]

1.d4 Nf6 2.c4 e6 3.Nf3 b6 4.Nc3 Bb7 5.Bg5 h6 6.Bh4 Be7 7.e3 Ne4 8.Bg3 O-O 
9.Bd3 Nxc3 10.bxc3 d6 11.O-O f5 12.Qc2 Bxf3 13.gxf3 Nd7 14.f4 Nf6 15.Rae1 
Re8 16.d5 exd5 17.cxd5 g6 18.f3 Nh5 19.e4 Bh4 20.Qg2 Bxg3 21.hxg3 Qf6 22.
Bb5 Re7 23.exf5 gxf5 24.Rxe7 Qxe7 25.Qf2 Qg7 26.Kh2 Qxc3 27.Re1 Qg7 28.Bd3
Rf8 29.Re6 Rf6 30.Qe1 Rxe6 31.Qxe6+ Qf7 32.Qc8+ Kg7 33.Bxf5 Qxd5 34.Qxc7+ 
Qf7 35.Qc2 Nf6 36.g4 Qe7 37.Qd2 d5 38.Bc2 Qc5 39.Qd3 Kf8 40.g5 hxg5 41.
fxg5 Qc7+ 42.Kh1 Ne8 43.Kg2 Qe5 44.Qd2 Nd6 45.f4 Nc4 46.Qb4+ Qe7 47.Qxe7+ 
Kxe7 48.Kf3 b5 49.f5 a5 50.Kf4 a4 51.f6+ Kf7 52.Bd1 d4 53.Bh5+ Ke6 54.f7 
Ke7 55.g6 Kf8 56.Be2 Kg7 57.Kf5 Ne3+ 58.Ke5 b4 59.Kxd4 b3 60.axb3 a3 61.
Kc3 Nd5+ 62.Kc2 Nb4+ 63.Kc1 Kf8 64.Bg4 Kg7 65.Bf5 a2 66.Kb2 Kf8 1/2-1/2

[Event "zonal 3.5 (w)"]
[Site "Beijing CHN"]
[Date "2009.04.19"]
[Round "3"]
[White "Wang Yu"]
[Black "Huang Qian"]
[Result "1/2-1/2"]
[WhiteElo "2109"]
[BlackElo "2410"]
[EventDate "2009.04.17"]
[PlyCount "75"]

1.e4 c5 2.Nf3 d6 3.d4 cxd4 4.Nxd4 Nf6 5.Nc3 a6 6.Be3 e5 7.Nb3 Be7 8.Qd2 
Ng4 9.g3 Nxe3 10.Qxe3 Be6 11.O-O-O Nd7 12.f4 b5 13.Kb1 b4 14.Nd5 Bxd5 15.
exd5 O-O 16.Bh3 Bf6 17.Bxd7 Qxd7 18.fxe5 Bxe5 19.Na5 Rfe8 20.Qf3 Bf6 21.h4
Qb5 22.Nc6 Qc5 23.g4 Re3 24.Qf5 Re2 25.Rhf1 Rf8 26.g5 Be5 27.h5 a5 28.Qd3 
Rg2 29.g6 Bf6 30.gxf7+ Rxf7 31.Rde1 Rf2 32.Re8+ Rf8 33.Rxf8+ Kxf8 34.Re1 
Kg8 35.Re8+ Kf7 36.Re1 Kg8 37.Re8+ Kf7 38.Re1 1/2-1/2

[Event "zonal 3.5 (w)"]
[Site "Beijing CHN"]
[Date "2009.04.19"]
[Round "3"]
[White "Zhang Xiaowen"]
[Black "Zhang Jilin"]
[Result "1-0"]
[WhiteElo "2340"]
[BlackElo "2335"]
[EventDate "2009.04.17"]
[PlyCount "83"]

1.e4 c5 2.Nf3 d6 3.d4 cxd4 4.Nxd4 Nf6 5.Nc3 a6 6.Be2 e5 7.Nb3 Be7 8.O-O 
O-O 9.a4 Nc6 10.Bg5 Be6 11.Bxf6 Bxf6 12.Nd5 Rc8 13.Bg4 Bg5 14.a5 Ne7 15.
Nb6 Rc6 16.Bxe6 fxe6 17.Qg4 Bf4 18.Qxe6+ Kh8 19.g3 d5 20.Qd7 Bg5 21.c3 
dxe4 22.Rad1 Qe8 23.Qxe8 Rxe8 24.Rfe1 Nf5 25.Rxe4 Nd6 26.Re2 Kg8 27.Rd5 
Bf6 28.Red2 Nc8 29.Nd7 b6 30.Nb8 Rc4 31.Nxa6 e4 32.Nb4 bxa5 33.Nxa5 Rc7 
34.Rd7 Rxd7 35.Rxd7 Nb6 36.Rb7 Na4 37.Nd5 Bg5 38.b4 Nb2 39.c4 Nd3 40.c5 
Rf8 41.c6 Bd8 42.Rb8 1-0

[Event "zonal 3.5 (w)"]
[Site "Beijing CHN"]
[Date "2009.04.20"]
[Round "4"]
[White "Ding Yixin"]
[Black "Wang Yu"]
[Result "0-1"]
[WhiteElo "2281"]
[BlackElo "2109"]
[EventDate "2009.04.17"]
[PlyCount "78"]

1.e4 e5 2.Nf3 Nc6 3.Bb5 a6 4.Ba4 Nf6 5.O-O Be7 6.Re1 b5 7.Bb3 d6 8.c3 O-O 
9.h3 Na5 10.Bc2 d5 11.exd5 e4 12.Ng5 Nxd5 13.Nxe4 f5 14.Ng3 f4 15.Ne4 f3 
16.d4 fxg2 17.Kxg2 g6 18.a4 b4 19.cxb4 Nxb4 20.Be3 Qd7 21.Rh1 Bb7 22.Nd2 
Rae8 23.Kg1 Nxc2 24.Qxc2 Bb4 25.f3 Bxd2 26.Qxd2 Bxe4 27.fxe4 Nb3 28.Qd3 
Nxa1 29.Kg2 Qf7 30.Rxa1 Qf3+ 31.Kh2 Rxe4 32.Re1 Rf7 33.Qb3 Qf5 34.Rg1 Kg7 
35.Qc3 Rfe7 36.d5+ Qe5+ 37.Qxe5+ R7xe5 38.Bc5 Rxd5 39.b4 Re2+ 0-1

[Event "zonal 3.5 (w)"]
[Site "Beijing CHN"]
[Date "2009.04.20"]
[Round "4"]
[White "Gu Xiaobing"]
[Black "Ruan Lufei"]
[Result "0-1"]
[WhiteElo "2336"]
[BlackElo "2486"]
[EventDate "2009.04.17"]
[PlyCount "178"]

1.e4 e5 2.Nf3 Nc6 3.Bb5 a6 4.Bxc6 dxc6 5.O-O Bg4 6.h3 h5 7.d3 Qf6 8.Nbd2 
Ne7 9.Re1 Ng6 10.d4 Nf4 11.dxe5 Qg6 12.Nh4 Bxd1 13.Nxg6 Nxg6 14.Rxd1 O-O-O
15.e6 fxe6 16.Re1 Ne5 17.Nf1 Bb4 18.c3 Bc5 19.Be3 Bxe3 20.Rxe3 h4 21.Ree1 
g5 22.Rad1 Rd6 23.Ne3 Kd7 24.Kf1 Ke7 25.Ke2 c5 26.b3 a5 27.Rxd6 cxd6 28.
Nc4 Nc6 29.Rd1 Rd8 30.Nb6 Ne5 31.a4 Kf6 32.Ke3 Ke7 33.Rd2 Kf6 34.Nc4 Nxc4+
35.bxc4 b6 36.Rb2 Rb8 37.f4 gxf4+ 38.Kxf4 Rg8 39.Rxb6 e5+ 40.Kf3 Rg3+ 41.
Kf2 Ke6 42.Rb3 Rd3 43.Ke2 Rg3 44.Kf2 Kd7 45.Rb7+ Kc6 46.Rb3 Kc7 47.Ra3 Kd7
48.Rb3 Ke6 49.Ra3 Kf6 50.Rb3 Kg5 51.Rb6 Rxc3 52.Rxd6 Rxc4 53.g4 Rxa4 54.
Rd5 Ra2+ 55.Kf3 Ra3+ 56.Kg2 Kf4 57.Rxc5 a4 58.Ra5 Ra2+ 59.Kf1 Rh2 60.Rxa4 
Rxh3 61.Ra8 Rb3 62.Kg2 Kxg4 63.Ra4 Rb2+ 64.Kg1 Rd2 65.Ra5 Kf4 66.Ra8 h3 
67.Rh8 Rd3 68.Kf2 Kxe4 69.Rh5 Kd5 70.Rh8 Ra3 71.Rh7 Kd4 72.Rh8 Rd3 73.Ke2 
Rc3 74.Kf2 e4 75.Rd8+ Kc4 76.Rc8+ Kd3 77.Rd8+ Kc2 78.Re8 h2 79.Kg2 Rh3 80.
Kh1 e3 81.Rc8+ Kd2 82.Rd8+ Ke1 83.Rd3 Ke2 84.Ra3 Rg3 85.Kxh2 Rg8 86.Ra2+ 
Kf1 87.Ra7 e2 88.Rf7+ Ke1 89.Re7 Rd8 0-1

[Event "zonal 3.5 (w)"]
[Site "Beijing CHN"]
[Date "2009.04.20"]
[Round "4"]
[White "Huang Qian"]
[Black "Ju Wenjun"]
[Result "1/2-1/2"]
[WhiteElo "2410"]
[BlackElo "2454"]
[EventDate "2009.04.17"]
[PlyCount "125"]

1.d4 Nf6 2.c4 g6 3.Nc3 Bg7 4.e4 d6 5.Be2 O-O 6.Nf3 e5 7.O-O exd4 8.Nxd4 
Re8 9.f3 c6 10.Nc2 Be6 11.Kh1 a6 12.Be3 b5 13.cxb5 axb5 14.Qd2 d5 15.e5 
Nfd7 16.f4 f6 17.exf6 Nxf6 18.Bd4 Nbd7 19.b4 Bf5 20.Bd3 Bxd3 21.Qxd3 Ne4 
22.f5 Ne5 23.Qh3 Qg5 24.Nxe4 dxe4 25.Rae1 Ng4 26.Bxg7 Kxg7 27.Nd4 Rxa2 28.
Kg1 Qd2 29.Ne6+ Rxe6 30.Qxg4 h5 31.Qg3 Qd4+ 32.Kh1 Rf6 33.Qc7+ Rf7 34.Qg3 
Rf6 35.h3 Qd6 36.Qe3 Qd2 37.Qxe4 gxf5 38.Qe7+ Rf7 39.Qe5+ Kh7 40.Rg1 Qxb4 
41.Qe8 Kg7 42.Qxc6 Qc4 43.Qf3 Qh4 44.Re6 Ra4 45.Rd1 Re4 46.Qc3+ Kh7 47.Rb6
Rfe7 48.Qd2 Re1+ 49.Kh2 f4 50.Qd3+ R1e4 51.Rxb5 Qg3+ 52.Qxg3 fxg3+ 53.Kxg3
R4e5 54.Rxe5 Rxe5 55.Kh4 Ra5 56.Rd7+ Kg6 57.Rd6+ Kg7 58.Re6 Ra2 59.Kg3 Rb2
60.Kf3 Ra2 61.Rd6 Rb2 62.g3 h4 63.gxh4 1/2-1/2

[Event "zonal 3.5 (w)"]
[Site "Beijing CHN"]
[Date "2009.04.20"]
[Round "4"]
[White "Wang Jue"]
[Black "Zhang Xiaowen"]
[Result "1-0"]
[WhiteElo "2162"]
[BlackElo "2340"]
[EventDate "2009.04.17"]
[PlyCount "63"]

1.e4 e6 2.d4 d5 3.Nc3 Nf6 4.Bg5 Bb4 5.e5 h6 6.Bd2 Bxc3 7.bxc3 Ne4 8.Qg4 
Kf8 9.Bd3 Nxd2 10.Kxd2 c5 11.h4 c4 12.Bf1 Nc6 13.Ne2 b5 14.Rh3 Rb8 15.a3 
Qa5 16.Rf3 b4 17.Qf4 bxc3+ 18.Nxc3 Nd8 19.g4 Bd7 20.Be2 Rb2 21.Rg1 Qxa3 
22.g5 Qe7 23.Rfg3 hxg5 24.Rxg5 Qb4 25.Bd1 Ba4 26.R5g3 Rh7 27.h5 a5 28.h6 
Rxh6 29.Rxg7 Bxc2 30.Rg8+ Ke7 31.Qg5+ f6 32.Qg7+ 1-0

[Event "zonal 3.5 (w)"]
[Site "Beijing CHN"]
[Date "2009.04.20"]
[Round "4"]
[White "Wang Xiaohui"]
[Black "Tan Zhongyi"]
[Result "1-0"]
[WhiteElo "2265"]
[BlackElo "2436"]
[EventDate "2009.04.17"]
[PlyCount "93"]

1.d4 Nf6 2.c4 c5 3.d5 b5 4.cxb5 a6 5.bxa6 Bxa6 6.Nc3 g6 7.Nf3 Bg7 8.g3 d6 
9.Bg2 Nbd7 10.Rb1 Nb6 11.b3 Bb7 12.e4 Ba6 13.Bf1 Qc8 14.Bxa6 Qxa6 15.Qe2 
Qxe2+ 16.Kxe2 Nfd7 17.Bd2 O-O 18.a4 c4 19.b4 Nxa4 20.Nxa4 Rxa4 21.Rhc1 Rc8
22.Bc3 Ra2+ 23.Kf1 Nf6 24.Bxf6 Bxf6 25.Ne1 c3 26.Nc2 Rc4 27.b5 Rc7 28.Ke2 
Rb2 29.Kd3 Rc5 30.b6 Rcb5 31.Ra1 Rxb6 32.f4 h5 33.Re1 R6b5 34.Ra3 Rb1 35.
Rxb1 Rxb1 36.Ra1 Rxa1 37.Nxa1 e6 38.Nb3 exd5 39.exd5 h4 40.Nc1 Kg7 41.Ne2 
hxg3 42.hxg3 g5 43.fxg5 Be5 44.Nf4 Kh7 45.Kc2 Kg7 46.Kd3 Kf8 47.g6 1-0

[Event "zonal 3.5 (w)"]
[Site "Beijing CHN"]
[Date "2009.04.20"]
[Round "4"]
[White "Zhang Jilin"]
[Black "Shen Yang"]
[Result "0-1"]
[WhiteElo "2335"]
[BlackElo "2420"]
[EventDate "2009.04.17"]
[PlyCount "86"]

1.e4 e5 2.Nf3 Nc6 3.Bb5 a6 4.Bxc6 dxc6 5.O-O f6 6.d4 exd4 7.Nxd4 c5 8.Ne2 
Qxd1 9.Rxd1 Bd7 10.Nbc3 O-O-O 11.Bf4 Ne7 12.Bg3 h5 13.h4 g5 14.Nd5 Nxd5 
15.Rxd5 Re8 16.Nc3 Be6 17.Rd3 Be7 18.Nd5 Bd8 19.Ne3 Rh7 20.Rad1 b5 21.b3 
Rd7 22.f3 Be7 23.Rxd7 Bxd7 24.Nd5 Bd8 25.Ne3 f5 26.Nxf5 Bxf5 27.exf5 gxh4 
28.Bf4 Rf8 29.Rd5 c6 30.Re5 Bf6 31.Re4 Bd4+ 32.Be3 Bxe3+ 33.Rxe3 Rxf5 34.
Kh2 Rd5 35.Kh3 Rd2 36.Rc3 c4 37.bxc4 b4 38.Rb3 a5 39.a3 c5 40.axb4 cxb4 
41.Re3 Rxc2 42.Re8+ Kd7 43.Ra8 b3 0-1

[Event "zonal 3.5 (w)"]
[Site "Beijing CHN"]
[Date "2009.04.21"]
[Round "5"]
[White "Ruan Lufei"]
[Black "Ju Wenjun"]
[Result "1/2-1/2"]
[WhiteElo "2486"]
[BlackElo "2454"]
[EventDate "2009.04.17"]
[PlyCount "91"]

1.e4 c5 2.Nf3 d6 3.d4 cxd4 4.Nxd4 Nf6 5.Nc3 a6 6.f4 e5 7.Nf3 Nbd7 8.a4 Be7
9.Bd3 O-O 10.O-O Nc5 11.Kh1 exf4 12.Bxf4 Bg4 13.Be3 Rc8 14.Qd2 Re8 15.Rae1
Qb6 16.Bd4 Bxf3 17.gxf3 Qb4 18.Qe3 Ne6 19.Bxf6 Bxf6 20.Nd5 Qxb2 21.Rb1 Qd4
22.Qxd4 Bxd4 23.Rxb7 Nc5 24.Rb4 Be5 25.a5 h6 26.f4 Bc3 27.Rc4 Bxa5 28.Ra1 
Bd2 29.Rd1 Ba5 30.Ra1 Bd2 31.Rd1 Nxd3 32.cxd3 Rxc4 33.dxc4 Bxf4 34.Nxf4 
Rxe4 35.Nd5 Rxc4 36.Ne3 Rc3 37.Nf5 a5 38.Nxd6 Rc6 39.Nb7 a4 40.Ra1 Rc4 41.
Nd6 Rd4 42.Nb5 Rc4 43.Nd6 Rd4 44.Nf5 Re4 45.Nd6 Rd4 46.Nb5 1/2-1/2

[Event "zonal 3.5 (w)"]
[Site "Beijing CHN"]
[Date "2009.04.21"]
[Round "5"]
[White "Shen Yang"]
[Black "Gu Xiaobing"]
[Result "1/2-1/2"]
[WhiteElo "2420"]
[BlackElo "2336"]
[EventDate "2009.04.17"]
[PlyCount "59"]

1.d4 Nf6 2.c4 g6 3.Nc3 Bg7 4.e4 d6 5.Nf3 O-O 6.Be2 e5 7.O-O Na6 8.Re1 c6 
9.Bf1 Bg4 10.d5 c5 11.h3 Bd7 12.Bg5 Kh8 13.Rb1 Rg8 14.a3 Qf8 15.b4 b6 16.
Bd3 Nh5 17.Nb5 f5 18.exf5 gxf5 19.Nxe5 dxe5 20.Qxh5 cxb4 21.axb4 Nxb4 22.
Bf1 a5 23.Nc7 Rc8 24.Ne6 Bxe6 25.dxe6 Qe8 26.Qf7 Qxf7 27.exf7 Rgf8 28.Be7 
Rxf7 29.Bxb4 axb4 30.Rxb4 1/2-1/2